|
|
|
|
| LEADER |
00000nam a22000007a 4500 |
| 005 |
20210225210542.0 |
| 007 |
cr|||| |||| |
| 008 |
210225s2013 us |||||s|||| 00||0 eng d |
| 020 |
|
|
|a 9781627221092
|
| 035 |
|
|
|a 31278
|
| 040 |
|
|
|a vLex
|
| 090 |
|
|
|c 11275
|d 11275
|
| 100 |
1 |
|
|a Hodge, Samuel D. Jr.
|
| 245 |
1 |
0 |
|a ABA Medical-Legal Guides
|h [Recurso electrn̤ico] :
|b The Spine for Lawyers /
|c Samuel D. Hodge, Jack E. Hubbard
|
| 256 |
|
|
|a Servicio en ln̕ea
|
| 260 |
|
|
|a Chicago:
|b American Bar Association,
|c 2013
|
| 300 |
|
|
|a 1 recurso electrn̤ico
|
| 500 |
|
|
|a Containing more than 200 illustrations and photos, The Spine for Lawyers is an indispensable guide to understanding the medical issues facing your clients.
|
| 506 |
1 |
|
|a Disponible solo en los productos indicados
|d vLex Global
|d vLex Global (Academic Edition, excluding Law Schools)
|d vLex Global (Academic Edition, Law Schools)
|
| 650 |
0 |
4 |
|a Derecho Pb︢lico y Administrativo
|z Estados Unidos
|
| 650 |
0 |
4 |
|a Medicina
|z Estados Unidos
|
| 650 |
0 |
4 |
|a Abogados
|z Estados Unidos
|
| 700 |
1 |
|
|4 Hubbard, Jack E.
|
| 740 |
0 |
|
|a vLex Libros (Servicio en ln̕ea)
|
| 856 |
4 |
0 |
|u http://vlex.com/source/aba-medical-legal-guides-the-spine-for-lawyers-31278
|z Acceso restringido
|
| 942 |
|
|
|c BOOK
|
| 999 |
0 |
|
|a Public and Administrative Law
|
| 999 |
0 |
|
|a Medicine
|
| 999 |
0 |
|
|a Lawyers
|